000 00878cam a2200277 a 4500
001 3526559
003 OSt
005 20180319143747.0
008 960816s1997 enka f 001 0 eng
010 _a 96042136
020 _a0750628847
040 _aDLC
_cDLC
_dDLC
050 0 0 _aTK5105
_b.C73 1997
082 0 0 _a521.3 TOO 1997
_220
100 1 _aTooley, Michael H.
_94983
245 1 0 _aNewnes Data Communications Pocketbook
_c.
250 _a3rd ed.
260 _aOxford ;
_bNewnes,
_cc1997.
300 _a254 p. :
_bill. ;
_c20 cm.
504 _aIncludes index.
650 0 _aData transmission systems
_94984
856 4 2 _3Publisher description
_uhttp://www.loc.gov/catdir/description/els032/96042136.html
856 4 1 _3Table of contents
_uhttp://www.loc.gov/catdir/toc/els032/96042136.html
906 _a7
_bcbc
_corignew
_d1
_eocip
_f19
_gy-gencatlg
942 _2z
_cSLOAN
999 _c1896
_d1896